书目信息 |
| 题名: |
中医妇科病良方
|
|
| 作者: | 孙世发 主编 | |
| 分册: | ||
| 出版信息: | 北京 金盾出版社 2008 |
|
| 页数: | 12,240页 | |
| 开本: | 21cm | |
| 丛书名: | ||
| 单 册: | ||
| 中图分类: | R289.5 | |
| 科图分类: | ||
| 主题词: | 妇科病--验方 , 妇科病 , 验方 | |
| 电子资源: | ||
| ISBN: | 978-7-5082-4010-7 | |
| 000 | 00791nam0 2200253 45 | |
| 001 | 1033023156 | |
| 005 | 20100407170825.15 | |
| 010 | @a978-7-5082-4010-7@dCNY14.00 | |
| 100 | @a20100331e2008 em y0chiy0110 ea | |
| 101 | 0 | @achi |
| 102 | @aCN@b110000 | |
| 105 | @ay z 001yy | |
| 106 | @ar | |
| 200 | 1 | @a中医妇科病良方@AZhong Yi Fu Ke Bing Liang Fang@f孙世发主编@FSun Shi Fa Zhu Bian |
| 210 | @a北京@c金盾出版社@d2008 | |
| 215 | @a12,240页@d21cm | |
| 330 | @a本书分别介绍了中医治疗效果良好的妇科常见疾病,以病辨证施治,推荐了550首古今良方,并附有方名索引以便查找。 | |
| 606 | 0 | @a妇科病@x验方 |
| 606 | 0 | @a妇科病 |
| 606 | 0 | @a验方 |
| 690 | @aR289.5@v4 | |
| 701 | 0 | @a孙世发@ASun Shi Fa@f(1951.8~)@4主编 |
| 801 | 0 | @aCN@bTANGWEI@c20100407 |
| 905 | @b0587610-14@dR289.5@e253@f5 | |
| 中医妇科病良方/孙世发主编.-北京:金盾出版社,2008 |
| 12,240页;21cm |
| ISBN 978-7-5082-4010-7:CNY14.00 |
| 本书分别介绍了中医治疗效果良好的妇科常见疾病,以病辨证施治,推荐了550首古今良方,并附有方名索引以便查找。 |
| ● |
| 相关链接 |
|
|
|
|
正题名:中医妇科病良方
索取号:R289.5/253
 
预约/预借
| 序号 | 登录号 | 条形码 | 馆藏地/架位号 | 状态 | 备注 |
| 1 | 0587610 | 205876104 | 第二样本阅览室/ [索取号:R289.5/253] | 在馆 | |
| 2 | 0587611 | 205876113 | 第三借阅区/ [索取号:R289.5/253] | 在馆 | |
| 3 | 0587612 | 205876122 | 第三借阅区/ [索取号:R289.5/253] | 在馆 | |
| 4 | 0587613 | 205876131 | 第三借阅区/ [索取号:R289.5/253] | 在馆 | |
| 5 | 0587614 | 205876140 | 第三借阅区/ [索取号:R289.5/253] | 在馆 |